000 00213nam a22000857a 4500
008 170302b xxu||||| |||| 00| 0 eng d
100 _92997
_aTwain.M
245 _aThe Adventues f H.F
260 _aNew Delhi
_bS.Chand
_c2009
999 _c6240
_d6240